000 01335nam0a2200337 i 4500
001 RU\NLR\BIBL_A\012059744
005 20240921133357.0
010 _a9785961412093
_92000
021 _aRU
_b2019-45292
_9КН-П-3307
035 _a(RuMoRGB)010016482
035 _a(NLR Aleph) 012059744
090 _a11697359
_c11697359
100 _a20190717d2019 u y0rusy50 ca
101 1 _arus
_crus
102 _aRU
105 _aa|||z|||000zy
200 1 _aГеймдизайн
_eкак создать игру, в которую будут играть все
_fДжесси Шелл
_gперевод с английского А. Лысенко
210 _aМосква
_cАльпина Паблишер
_d2019
215 _a639 с.
_cил.
_d24
300 _aЗагл. и авт. ориг.: The art of game design / Jesse Schell
313 _aРазработка видеоигры
333 _a12+
454 0 _12001#$aThe art of game design$fJesse Schell
_1700#1$aSchell$bJ.$gJesse
_tThe art of game design
_aSchell, Jesse
606 1 _aВидеоигры
_xПроектирование
_92418763
_3RU\NLR\AUTH\6601659326
610 0 _aгеймдизайн
686 1 _aЗ973.23-018.92
700 1 _aШелл
_bД.
_gДжесси
942 _cBOOK
980 _aNBR